|
|
|
|
| LEADER |
00000nab a2200000 a 4500 |
| 001 |
vtls009306344 |
| 003 |
SK-MaSNL |
| 005 |
20260304160356.0 |
| 008 |
250507c2008 xo |||||||||||000 b|slo |
| 015 |
|
|
|a SNBRB2008/06
|2 snkbucl
|
| 035 |
|
|
|a (uuid)431106fc-4f2b-4661-b81c-4af1d5ba0574
|
| 035 |
|
|
|a urn:nbn:sk:snk-ab12n6
|
| 035 |
|
|
|a (urnnbn)urn:nbn:sk:snk:ar-a04kpx
|
| 038 |
|
|
|a SNKBUCL
|
| 040 |
|
|
|a SNKBUCL
|b slo
|c SNKBUCL
|e AACR2
|
| 041 |
0 |
|
|a slo
|
| 044 |
|
|
|a xo
|c SK
|
| 080 |
|
|
|a 632.6
|2 1997
|
| 080 |
|
|
|a 632.9
|2 1997
|
| 100 |
1 |
|
|a Renčo, Marek
|4 aut
|9 345467
|
| 245 |
1 |
0 |
|a Poznáme rastlinné háďatká?
|c Marek Renčo, Andrea Čerevková
|
| 300 |
|
|
|b Fotogr.
|
| 650 |
0 |
7 |
|a škodcovia rastlín
|2 snkbucl
|9 4062
|
| 650 |
0 |
7 |
|a háďatká
|2 snkbucl
|9 25665
|
| 650 |
0 |
7 |
|a parazitické červy
|2 snkbucl
|9 69015
|
| 650 |
0 |
7 |
|a ochrana rastlín
|2 snkbucl
|9 3636
|
| 700 |
1 |
|
|a Čerevková, Andrea
|4 aut
|9 345468
|
| 773 |
0 |
|
|t Naše pole
|g Roč. XII, č. 7 (2008), s. 36-37
|x 1335-2466
|
| 850 |
|
|
|a Slovenská národná knižnica
|
| 852 |
|
|
|a Slovenská národná knižnica
|
| 954 |
|
|
|a odborná, vedecká literatúra pôvodná (slovenská)
|2 lita
|
| 958 |
|
|
|a article27
|
| 958 |
|
|
|a OND
|
| 958 |
|
|
|a EUIPO
|
| 999 |
|
|
|c 2966860
|d 2968790
|